000 00906nam a22003377a 4500
001 BR0505193
003 BR-BrBNA
005 20230928102031.0
007 ta
008 230509b bl.||||| |||| 00| 0 por d
040 _aBR-BrBNA
_bpor
_cBiblioteca Nacional de Agricultura
041 _a(Por)
072 _aH50; F30
_b0120
_b3575
090 _ 0120 BR0505193
100 1 _aMachado, A.T.
100 1 _aMagnavaca, R.
245 1 _aEstresse ambiental: o milho em perspectiva
260 3 _aRio de Janeiro, RJ (Brasil):
_c1991.
300 _a47 p.
500 _a5 tables; 8 illus.
650 _aMILHO
650 _aSTRESS
650 _aCONDIÇÃO AMBIENTAL
650 _aVARIEDADE RESISTENTE
650 _aSEMENTE
650 _aMELHORAMENTO GENÉTICO VEGETAL
650 _aDEFICIÊNCIA HÍDRICA
650 _aDEFICIÊNCIA MINERAL
909 _a202309
_bLucia
_c55
_dLucia Elande
942 _cBK
999 _c68813
_d68813